000 00312 a2200097 4500
100 1 _aDubrovskij, E.P..
_eAutor
245 0 _aAbonentskie ustrojstva GTS /
_cDubrovskij E.P..
250 _aIzd.4-e,pererab. i dop..
710 2 _aRadio i Svjaz'.
_eWydawca
_4pbl
260 _aMoskva :
_bRadio i Svjaz',
_c1986.
300 _a296 s.:
_bil.;
_c21 cm.
999 _c4592
_d4592